000 00721nam a22002777a 4500
999 _c309750
_d309750
001 23502
003 UA-OsUOA
005 20200429003010.0
007 ta
008 20040122b un ||||| |||| 00| 0 ukr d
020 _a5120048137
040 _aUA-OsUOA
_bukr
_cUA-OsUOA
_dUA-OsUOA
041 _aukr
044 _aUA
080 _a316(091)
090 _a316(091)
_bР92
100 _aРучка А.О.
245 _aКурс історії теоретичної соціології
260 _aКиїв
_bнаукова думка
_c1995
300 _a222 с.
650 7 _2UDC
700 _aТанчер В.В.
942 _cBK
_2udc
955 _a2